[Event "Titled Tuesday intern op 23rd Apr Late"]
[Site "Chess.com INT"]
[Date "2024.04.23"]
[Round "4"]
[White "Korchmar, Vasiliy"]
[Black "Fieberg, Samuel"]
[Result "1-0"]
[WhiteElo "2424"]
[BlackElo "2157"]
[PlyCount "123"]
[EventDate "2024.04.23"]
[EventType "swiss (blitz)"]
[EventRounds "11"]
[EventCountry "USA"]
[SourceTitle "CB18_2024"]
[SourceDate "2024.05.01"]
[SourceVersion "1"]
[SourceVersionDate "2024.05.01"]
[SourceQuality "2"]

1. d4 d5 2. c4 e6 3. Nf3 a6 4. g3 dxc4 5. Bg2 Nc6 6. 0-0 Rb8 7. e4 Nf6 8. Nc3 Be7 9. d5 Nb4 10. Ne5 Nd3 11. Nxc4 Nxc1 12. Rxc1 exd5 13. exd5 0-0 14. Qd3 Bd6 15. h3 g6 16. g4 Re8 17. f4 Bc5+ 18. Kh1 Bd7 19. Ne5 Bd6 20. Rce1 Bf8 21. Bf3 Bg7 22. g5 Bf5 23. Qd2 Nd7 24. Ng4 Rxe1 25. Rxe1 Qf8 26. Qe3 Qc5 27. Qxc5 Nxc5 28. Re7 Nd7 29. Kg2 Rd8 30. Ne3 Bd3 31. Bg4 Bxc3 32. bxc3 Bb5 33. c4 Ba4 34. f5 Kf8 35. f6 Re8 36. Bxd7 Bxd7 37. Rxd7 Rxe3 38. Rxc7 Ke8 39. Rxb7 Re2+ 40. Kf3 Rxa2 41. c5 Rd2 42. Ke4 a5 43. Ra7 Re2+ 44. Kd4 Rd2+ 45. Ke5 Re2+ 46. Kd6 Kf8 47. Rxa5 Re8 48. Ra7 h6 49. h4 h5 50. c6 Kg8 51. Rb7 Rd8+ 52. Kc5 Rc8 53. c7 Kh7 54. d6 Re8 55. Kc6 Rf8 56. Rb3 Rc8 57. Re3 Re8 58. Re7 Kg8 59. Rxe8+ Kh7 60. Re7 Kg8 61. c8Q+ Kh7 62. Rxf7# 1-0

[Event "Titled Tuesday intern op 23rd Apr Late"]
[Site "Chess.com INT"]
[Date "2024.04.23"]
[Round "9"]
[White "Korchmar, Vasiliy"]
[Black "Hungaski, Robert Andrew"]
[Result "0-1"]
[WhiteElo "2424"]
[BlackElo "2471"]
[PlyCount "136"]
[EventDate "2024.04.23"]
[EventType "swiss (blitz)"]
[EventRounds "11"]
[EventCountry "USA"]
[SourceTitle "CB18_2024"]
[SourceDate "2024.05.01"]
[SourceVersion "1"]
[SourceVersionDate "2024.05.01"]
[SourceQuality "2"]

1. d4 g6 2. c4 Bg7 3. Nc3 c5 4. d5 Bxc3+ 5. bxc3 f5 6. e4 fxe4 7. f3 Nf6 8. fxe4 e5 9. dxe6 Nxe4 10. Bd3 Qh4+ 11. g3 Nxg3 12. Nf3 Qh3 13. Rg1 Nf5 14. exd7+ Bxd7 15. Qe2+ Ne7 16. Rg3 Qe6 17. Be4 Nbc6 18. Bg5 0-0 19. 0-0-0 Kg7 20. h4 Rf7 21. h5 Nf5 22. Rg2 Re8 23. hxg6 hxg6 24. Re1 Na5 25. Nh4 Nxh4 26. Bxh4 Qxe4 27. Qxe4 Rxe4 28. Rxe4 Bc6 29. Rge2 Bxe4 30. Rxe4 Rf5 31. Re7+ Rf7 32. Re4 b6 33. Bg3 g5 34. Kd2 Kg6 35. Bb8 Kf5 36. Re5+ Kg6 37. Re6+ Kh5 38. Re8 Nxc4+ 39. Kd3 Na5 40. Rh8+ Kg4 41. Rg8 Kf5 42. Kc2 Nc6 43. Bg3 Ne5 44. Kb3 Nf3 45. Kc4 Kg4 46. Bb8 Nd2+ 47. Kb5 Ne4 48. c4 Rf2 49. a4 Rb2+ 50. Kc6 Rb4 51. Bxa7 Rxa4 52. Bxb6 Rxc4 53. Kd5 Rb4 54. Ke5 Rxb6 55. Kxe4 c4 56. Kd4 Rc6 57. Kc3 Kf4 58. Rf8+ Kg3 59. Rg8 g4 60. Rf8 Kg2 61. Rg8 g3 62. Rf8 Rc7 63. Rg8 Kf2 64. Rf8+ Kg1 65. Rg8 g2 66. Rf8 Rc5 67. Rg8 Rf5 68. Rg7 Kf2 0-1

[Event "Titled Tuesday intern op 23rd Apr Late"]
[Site "Chess.com INT"]
[Date "2024.04.23"]
[Round "7"]
[White "Korchmar, Vasiliy"]
[Black "Palencia Morales, Wilson Guillermo"]
[Result "1-0"]
[WhiteElo "2424"]
[BlackElo "2188"]
[PlyCount "73"]
[EventDate "2024.04.23"]
[EventType "swiss (blitz)"]
[EventRounds "11"]
[EventCountry "USA"]
[SourceTitle "CB18_2024"]
[SourceDate "2024.05.01"]
[SourceVersion "1"]
[SourceVersionDate "2024.05.01"]
[SourceQuality "2"]

1. d4 Nf6 2. c4 c5 3. d5 e6 4. Nc3 exd5 5. cxd5 d6 6. g3 g6 7. Bg2 Bg7 8. Nf3 0-0 9. 0-0 Re8 10. Bf4 Ne4 11. Nxe4 Rxe4 12. Nd2 Rb4 13. b3 Bxa1 14. Qxa1 Rxf4 15. gxf4 Nd7 16. Nc4 Nb6 17. e4 Nxc4 18. bxc4 Qh4 19. f5 gxf5 20. e5 f4 21. exd6 Bh3 22. Bxh3 Qxh3 23. f3 Qh6 24. Kh1 f6 25. Qe1 Qf8 26. Qe6+ Kh8 27. d7 Rd8 28. Re1 Kg7 29. Qg4+ Kh8 30. Qh5 Qd6 31. Re8+ Kg7 32. Rxd8 Qb6 33. Qg4+ Kh6 34. Qxf4+ Kg6 35. Rg8+ Kf7 36. d8Q Qb1+ 37. Rg1 1-0

[Event "Titled Tuesday intern op 23rd Apr Late"]
[Site "Chess.com INT"]
[Date "2024.04.23"]
[Round "10"]
[White "Korchmar, Vasiliy"]
[Black "Yagupov, Igor"]
[Result "1-0"]
[WhiteElo "2424"]
[BlackElo "2275"]
[PlyCount "47"]
[EventDate "2024.04.23"]
[EventType "swiss (blitz)"]
[EventRounds "11"]
[EventCountry "USA"]
[SourceTitle "CB18_2024"]
[SourceDate "2024.05.01"]
[SourceVersion "1"]
[SourceVersionDate "2024.05.01"]
[SourceQuality "2"]

1. d4 d5 2. c4 c6 3. Nf3 Nf6 4. Nc3 e6 5. Qc2 dxc4 6. e4 b5 7. Be2 Bb7 8. 0-0 Nbd7 9. Bg5 h6 10. Bh4 g5 11. Bg3 Nh5 12. Rad1 Nxg3 13. fxg3 Bg7 14. d5 b4 15. dxe6 fxe6 16. Na4 Qe7 17. Bxc4 Nb6 18. Nxb6 axb6 19. e5 0-0 20. Rd6 Kh8 21. Rfd1 Rad8 22. h3 Bxe5 23. Nxe5 Rxd6 24. Ng6+ 1-0

[Event "Titled Tuesday intern op 16th Apr Late"]
[Site "Chess.com INT"]
[Date "2024.04.16"]
[Round "3"]
[White "Anton Guijarro, David"]
[Black "Korchmar, Vasiliy"]
[Result "0-1"]
[WhiteElo "2673"]
[BlackElo "2424"]
[PlyCount "84"]
[EventDate "2024.04.16"]
[EventType "swiss (blitz)"]
[EventRounds "11"]
[EventCountry "USA"]
[SourceTitle "CB17_2024"]
[SourceDate "2024.04.24"]
[SourceVersion "1"]
[SourceVersionDate "2024.04.24"]
[SourceQuality "1"]

1. e4 c5 2. Nc3 d6 3. f4 Nc6 4. Nf3 e6 5. d4 cxd4 6. Nxd4 Nf6 7. Be3 Be7 8. Qf3 e5 9. Nf5 Bxf5 10. exf5 0-0 11. 0-0-0 Rc8 12. Kb1 Qa5 13. Nd5 e4 14. Nxe7+ Nxe7 15. Qf2 Nxf5 16. Be2 Nd5 17. Bc1 Rxc2 18. Qe1 Qxe1 19. Rhxe1 Rc5 20. Bg4 Nh6 21. Bd7 Nf6 22. Rxd6 Rd8 23. Red1 Nxd7 24. Rxd7 Rxd7 25. Rxd7 g6 26. Rxb7 a5 27. a4 Nf5 28. g4 Nd4 29. Be3 Rd5 30. Re7 f5 31. g5 Nf3 32. h3 Rd3 33. Bb6 Nd2+ 34. Kc2 Nc4 35. Bc7 Rxh3 36. Rd7 Rh2+ 37. Kc3 Nxb2 38. Be5 Nxa4+ 39. Kd4 Rd2+ 40. Kc4 Rxd7 41. Kb5 Nb2 42. Bxb2 Rb7+ 0-1

[Event "Titled Tuesday intern op 16th Apr Early"]
[Site "Chess.com INT"]
[Date "2024.04.16"]
[Round "7"]
[White "Korchmar, Vasiliy"]
[Black "Garcia Molina, Jose"]
[Result "1-0"]
[WhiteElo "2424"]
[BlackElo "2220"]
[PlyCount "41"]
[EventDate "2024.04.16"]
[EventType "swiss (blitz)"]
[EventRounds "11"]
[EventCountry "USA"]
[SourceTitle "CB17_2024"]
[SourceDate "2024.04.24"]
[SourceVersion "1"]
[SourceVersionDate "2024.04.24"]
[SourceQuality "1"]

1. e4 g6 2. d4 Bg7 3. Nf3 c6 4. Bd3 d5 5. e5 Nh6 6. 0-0 0-0 7. Re1 f6 8. Nbd2 Bg4 9. h3 Bxf3 10. Nxf3 fxe5 11. Nxe5 Nf5 12. Bg5 Bf6 13. Bxf5 Bxg5 14. Be6+ Kg7 15. Qg4 Bf6 16. h4 Bxe5 17. Rxe5 Rf6 18. Rae1 Qf8 19. Bc8 h5 20. Rxe7+ Kh8 21. Qg5 1-0

[Event "Titled Tuesday intern op 16th Apr Late"]
[Site "Chess.com INT"]
[Date "2024.04.16"]
[Round "7"]
[White "Korchmar, Vasiliy"]
[Black "Kotyk, Michael"]
[Result "0-1"]
[WhiteElo "2424"]
[BlackElo "2125"]
[PlyCount "62"]
[EventDate "2024.04.16"]
[EventType "swiss (blitz)"]
[EventRounds "11"]
[EventCountry "USA"]
[SourceTitle "CB17_2024"]
[SourceDate "2024.04.24"]
[SourceVersion "1"]
[SourceVersionDate "2024.04.24"]
[SourceQuality "1"]

1. d4 d5 2. c4 e5 3. e4 dxe4 4. d5 Nf6 5. Nc3 Bc5 6. Nge2 e3 7. Bxe3 Bxe3 8. fxe3 a5 9. Ng3 Na6 10. Be2 Nc5 11. 0-0 h5 12. Qc2 g6 13. Rad1 h4 14. Nge4 Nfxe4 15. Nxe4 Nxe4 16. Qxe4 Qe7 17. c5 Bf5 18. Rxf5 gxf5 19. Qxf5 Rh6 20. Bh5 Rf6 21. Qc2 Rd8 22. Qa4+ Kf8 23. Qxa5 b6 24. cxb6 Rxb6 25. Qd2 Qg5 26. Bf3 Kg7 27. Qf2 Rf6 28. Qe2 Rfd6 29. h3 f5 30. Qc4 e4 31. Be2 R8d7 0-1

[Event "Titled Tuesday intern op 16th Apr Early"]
[Site "Chess.com INT"]
[Date "2024.04.16"]
[Round "2"]
[White "Korchmar, Vasiliy"]
[Black "Yonal, Timur"]
[Result "1-0"]
[WhiteElo "2424"]
[BlackElo "2074"]
[PlyCount "61"]
[EventDate "2024.04.16"]
[EventType "swiss (blitz)"]
[EventRounds "11"]
[EventCountry "USA"]
[SourceTitle "CB17_2024"]
[SourceDate "2024.04.24"]
[SourceVersion "1"]
[SourceVersionDate "2024.04.24"]
[SourceQuality "1"]

1. e4 c5 2. d4 cxd4 3. Qxd4 Nc6 4. Qd3 d6 5. Nc3 Nf6 6. Nf3 g6 7. Be2 Bg7 8. 0-0 0-0 9. Nd5 Nxd5 10. exd5 Nb4 11. Qd1 Bf5 12. c3 Na6 13. Nd4 Bd7 14. Bxa6 bxa6 15. Re1 Rc8 16. Bg5 Re8 17. Qd2 Bxd4 18. Qxd4 f6 19. Be3 Rc7 20. c4 Qb8 21. Rac1 Rec8 22. Bd2 Be8 23. b4 Qb6 24. Qd3 a5 25. a3 Qa6 26. Re4 Bb5 27. Qe3 Rxc4 28. Rexc4 Rxc4 29. Rxc4 Bxc4 30. Qxe7 Qc8 31. Bh6 1-0

[Event "Titled Tuesday intern op 16th Apr Early"]
[Site "Chess.com INT"]
[Date "2024.04.16"]
[Round "9"]
[White "Kurchenko, Egor"]
[Black "Korchmar, Vasiliy"]
[Result "0-1"]
[WhiteElo "2306"]
[BlackElo "2424"]
[PlyCount "42"]
[EventDate "2024.04.16"]
[EventType "swiss (blitz)"]
[EventRounds "11"]
[EventCountry "USA"]
[SourceTitle "CB17_2024"]
[SourceDate "2024.04.24"]
[SourceVersion "1"]
[SourceVersionDate "2024.04.24"]
[SourceQuality "1"]

1. e4 c5 2. Nf3 d6 3. d4 cxd4 4. Nxd4 Nf6 5. Nc3 e5 6. Nb3 Be7 7. Bg5 0-0 8. Qd2 a5 9. a4 Be6 10. 0-0-0 Nc6 11. Bxf6 Bxf6 12. Qxd6 Qc8 13. Nd5 Bxd5 14. exd5 Be7 15. dxc6 Bxd6 16. Rxd6 bxc6 17. Bc4 Qg4 18. Nd2 Rad8 19. Rxd8 Rxd8 20. Bd3 Qxg2 21. Re1 Qxh2 0-1

[Event "Titled Tuesday intern op 16th Apr Early"]
[Site "Chess.com INT"]
[Date "2024.04.16"]
[Round "3"]
[White "Makarian, Rudik"]
[Black "Korchmar, Vasiliy"]
[Result "1-0"]
[WhiteElo "2524"]
[BlackElo "2424"]
[PlyCount "105"]
[EventDate "2024.04.16"]
[EventType "swiss (blitz)"]
[EventRounds "11"]
[EventCountry "USA"]
[SourceTitle "CB17_2024"]
[SourceDate "2024.04.24"]
[SourceVersion "1"]
[SourceVersionDate "2024.04.24"]
[SourceQuality "1"]

1. Nf3 d5 2. g3 g6 3. c4 c6 4. Qa4 dxc4 5. Qxc4 Bg7 6. Bg2 Nh6 7. 0-0 Nf5 8. e3 0-0 9. Qe2 b6 10. Rd1 Ba6 11. d3 Nd7 12. Qc2 Rc8 13. Nc3 c5 14. Nd2 Qc7 15. a4 Bb7 16. Nb5 Qb8 17. e4 Nd4 18. Nxd4 cxd4 19. Qb1 a5 20. Nc4 Ba6 21. b3 Nc5 22. Ba3 Bxc4 23. bxc4 Nxa4 24. Bd6 Qxd6 25. Rxa4 e5 26. h4 Rc5 27. Rd2 Rb8 28. Rb2 Qc7 29. Kh2 Bf8 30. h5 Kg7 31. Qc1 Be7 32. h6+ Kg8 33. Qd2 Qd8 34. Qd1 Bg5 35. Bf3 Bxh6 36. Kg2 Bf8 37. Ra1 h5 38. Rab1 Rc6 39. Qe2 Bc5 40. Rh1 Qg5 41. Rbb1 a4 42. Bxh5 gxh5 43. Rxh5 Qg7 44. Rbh1 a3 45. Qa2 Ra8 46. R1h4 Rg6 47. Rh1 Qf6 48. Qb3 a2 49. Ra1 Rh6 50. Rf5 Qh8 51. Rxa2 Rh2+ 52. Kf3 Rxa2 53. Qxa2 1-0

[Event "Titled Tuesday intern op 02nd Apr Late"]
[Site "Chess.com INT"]
[Date "2024.04.02"]
[Round "1"]
[White "Cabralis, Quinn"]
[Black "Korchmar, Vasiliy"]
[Result "0-1"]
[WhiteElo "2169"]
[BlackElo "2424"]
[PlyCount "70"]
[EventDate "2024.04.02"]
[EventType "swiss (blitz)"]
[EventRounds "11"]
[EventCountry "USA"]
[SourceTitle "CB15_2024"]
[SourceDate "2024.04.10"]
[SourceVersion "1"]
[SourceVersionDate "2024.04.10"]
[SourceQuality "1"]

1. e4 c5 2. Nf3 d6 3. d4 cxd4 4. Nxd4 Nf6 5. Nc3 Nc6 6. Bg5 Bd7 7. Qd2 a6 8. 0-0-0 e6 9. f4 Be7 10. Kb1 b5 11. Nxc6 Bxc6 12. Bxf6 gxf6 13. Bd3 Qb6 14. e5 fxe5 15. fxe5 dxe5 16. Be4 b4 17. Bxc6+ Qxc6 18. Ne2 Rc8 19. Rc1 Rg8 20. h4 Rxg2 21. Rhg1 Rd8 22. Qe1 f5 23. Rxg2 Qxg2 24. Ng1 Qe4 25. Qxe4 fxe4 26. b3 Bxh4 27. Nh3 e3 28. Ng1 Rd2 29. Nf3 Bg3 30. Nxd2 exd2 31. Rd1 Be1 32. c3 h5 33. Kc2 h4 34. cxb4 h3 35. Kd3 h2 0-1

[Event "Titled Tuesday intern op 02nd Apr Late"]
[Site "Chess.com INT"]
[Date "2024.04.02"]
[Round "3"]
[White "Dwilewicz, Katarzyna"]
[Black "Korchmar, Vasiliy"]
[Result "0-1"]
[WhiteElo "2130"]
[BlackElo "2424"]
[PlyCount "64"]
[EventDate "2024.04.02"]
[EventType "swiss (blitz)"]
[EventRounds "11"]
[EventCountry "USA"]
[SourceTitle "CB15_2024"]
[SourceDate "2024.04.10"]
[SourceVersion "1"]
[SourceVersionDate "2024.04.10"]
[SourceQuality "1"]

1. e4 c5 2. Nc3 a6 3. g3 b5 4. Bg2 Bb7 5. Nge2 e6 6. 0-0 b4 7. Nb1 Nf6 8. d3 d5 9. exd5 Bxd5 10. a3 Nc6 11. axb4 cxb4 12. b3 Bc5 13. Bb2 0-0 14. Nd2 Ng4 15. Bxd5 Qxd5 16. Nf4 Qf5 17. Ne4 Bb6 18. h3 Nge5 19. Qh5 Qxh5 20. Nxh5 Nd4 21. Kg2 Rfc8 22. Ra4 a5 23. c4 Nxd3 24. Bxd4 Bxd4 25. Nd6 Rc6 26. Nb5 Bb6 27. Kf3 Nc5 28. Ra2 Nxb3 29. Nf4 Rd8 30. Rc2 Nd2+ 31. Ke2 Nxf1 32. Kxf1 a4 0-1

[Event "Titled Tuesday intern op 02nd Apr Early"]
[Site "Chess.com INT"]
[Date "2024.04.02"]
[Round "1"]
[White "Korchmar, Vasiliy"]
[Black "Melillo, Lucius"]
[Result "1-0"]
[WhiteElo "2424"]
[BlackElo "2274"]
[PlyCount "51"]
[EventDate "2024.04.02"]
[EventType "swiss (blitz)"]
[EventRounds "11"]
[EventCountry "USA"]
[SourceTitle "CB15_2024"]
[SourceDate "2024.04.10"]
[SourceVersion "1"]
[SourceVersionDate "2024.04.10"]
[SourceQuality "1"]

1. e4 c6 2. d4 d5 3. exd5 cxd5 4. Bd3 Nc6 5. c3 Nf6 6. h3 e5 7. dxe5 Nxe5 8. Qe2 Qe7 9. Bc2 Bd7 10. Nd2 0-0-0 11. Ngf3 Nxf3+ 12. Nxf3 Qxe2+ 13. Kxe2 Bc5 14. Be3 Rhe8 15. Nd4 Bxd4 16. cxd4 Bb5+ 17. Kf3 b6 18. a4 Bc6 19. a5 Kb7 20. a6+ Kc7 21. Rhc1 b5 22. Bd3 Kd7 23. Bf5+ Kc7 24. Bf4+ Kb6 25. Bd2 b4 26. Bxb4 1-0

[Event "Titled Tuesday intern op 02nd Apr Late"]
[Site "Chess.com INT"]
[Date "2024.04.02"]
[Round "2"]
[White "Korchmar, Vasiliy"]
[Black "Smieszek, Wojciech"]
[Result "0-1"]
[WhiteElo "2424"]
[BlackElo "2127"]
[PlyCount "76"]
[EventDate "2024.04.02"]
[EventType "swiss (blitz)"]
[EventRounds "11"]
[EventCountry "USA"]
[SourceTitle "CB15_2024"]
[SourceDate "2024.04.10"]
[SourceVersion "1"]
[SourceVersionDate "2024.04.10"]
[SourceQuality "1"]

1. e4 c5 2. d4 cxd4 3. Qxd4 Nc6 4. Qd3 g6 5. Nc3 Bg7 6. Nf3 d6 7. Be2 Nf6 8. 0-0 0-0 9. Nd5 Bg4 10. c3 Nxd5 11. exd5 Bxf3 12. Qxf3 Ne5 13. Qg3 Qb6 14. Qh4 Rfe8 15. a4 a6 16. a5 Qc7 17. Be3 Nd7 18. f4 Nf6 19. Bf3 Qc4 20. Rfd1 Rac8 21. Bd4 Nd7 22. Kh1 Bxd4 23. Rxd4 Qb3 24. Rb4 Qc2 25. Rxb7 Nc5 26. Rb6 Nb3 27. Bd1 Qxb2 28. Rxb3 Qxa1 29. Qe1 Rb8 30. Rb4 Rxb4 31. cxb4 Rc8 32. h4 Rc1 33. Qxe7 Rxd1+ 34. Kh2 Re1 35. Qxd6 Qd4 36. b5 Qg1+ 37. Kh3 Re3+ 38. Kg4 Qxg2# 0-1

[Event "Titled Tuesday intern op 02nd Apr Late"]
[Site "Chess.com INT"]
[Date "2024.04.02"]
[Round "6"]
[White "Kuzubov, Yuriy"]
[Black "Korchmar, Vasiliy"]
[Result "1-0"]
[WhiteElo "2606"]
[BlackElo "2424"]
[PlyCount "43"]
[EventDate "2024.04.02"]
[EventType "swiss (blitz)"]
[EventRounds "11"]
[EventCountry "USA"]
[SourceTitle "CB15_2024"]
[SourceDate "2024.04.10"]
[SourceVersion "1"]
[SourceVersionDate "2024.04.10"]
[SourceQuality "1"]

1. d4 d5 2. c4 c6 3. Nf3 Nf6 4. Nc3 a6 5. Qc2 Bg4 6. e3 Bxf3 7. gxf3 g6 8. Qb3 Ra7 9. e4 dxe4 10. fxe4 Bg7 11. e5 Nh5 12. Be3 b5 13. Be2 0-0 14. Bxh5 gxh5 15. Rg1 Kh8 16. 0-0-0 bxc4 17. Qxc4 Rb7 18. Ne4 Nd7 19. Ng5 Nb6 20. Nxf7+ Rxf7 21. Qxf7 e6 22. Qxb7 1-0

[Event "Titled Tuesday intern op 12th Mar Early"]
[Site "Chess.com INT"]
[Date "2024.03.12"]
[Round "5"]
[White "Bambino Filho, Antonio Carlos"]
[Black "Korchmar, Vasiliy"]
[Result "0-1"]
[WhiteElo "2168"]
[BlackElo "2438"]
[PlyCount "40"]
[EventDate "2024.03.12"]
[EventType "swiss (blitz)"]
[EventRounds "11"]
[EventCountry "USA"]
[SourceTitle "CB12_2024"]
[SourceDate "2023.10.01"]
[SourceVersion "1"]
[SourceVersionDate "2023.10.01"]
[SourceQuality "1"]

1. e4 c5 2. Nf3 d6 3. d4 cxd4 4. Nxd4 Nf6 5. Nc3 Nc6 6. Nb3 g6 7. Be3 Bg7 8. Be2 0-0 9. Qd2 a5 10. a4 Nb4 11. Rd1 Ng4 12. Bxg4 Bxg4 13. f3 Be6 14. Bd4 Bxb3 15. Bxg7 Nxc2+ 16. Kf2 Kxg7 17. h4 Qb6+ 18. Kg3 Qe3 19. h5 Qxd2 20. Rxd2 Nb4 0-1

[Event "Moscow Aeroflot op-A"]
[Site "Moscow"]
[Date "2024.03.05"]
[Round "6"]
[White "Korchmar, Vasiliy"]
[Black "Danielyan, Vahe"]
[Result "1/2-1/2"]
[WhiteElo "2438"]
[BlackElo "2335"]
[PlyCount "52"]
[EventDate "2024.03.03"]
[EventType "swiss"]
[EventRounds "9"]
[EventCountry "RUS"]
[SourceTitle "CB11_2024"]
[SourceDate "2024.03.13"]
[SourceVersion "1"]
[SourceVersionDate "2024.03.13"]
[SourceQuality "1"]

1. d4 d5 2. Bf4 Nf6 3. e3 c5 4. c3 Nc6 5. Nd2 Bf5 6. Ngf3 e6 7. Qb3 Qc8 8. Nh4 Bg6 9. Nxg6 hxg6 10. h3 Be7 11. Be2 a6 12. 0-0 0-0 13. Bf3 Qd7 14. dxc5 e5 15. Bg5 e4 16. Be2 Qe6 17. Qa3 b6 18. b4 a5 19. cxb6 axb4 20. Qc1 Rfb8 21. cxb4 Bxb4 22. Nb3 Ba3 23. Qd2 Rxb6 24. Rfd1 Bb4 25. Qb2 Ba3 26. Qd2 Bb4 1/2-1/2

[Event "Moscow Aeroflot op-A"]
[Site "Moscow"]
[Date "2024.03.03"]
[Round "2"]
[White "Korchmar, Vasiliy"]
[Black "Ponkratov, Pavel"]
[Result "0-1"]
[WhiteElo "2438"]
[BlackElo "2614"]
[PlyCount "92"]
[EventDate "2024.03.03"]
[EventType "swiss"]
[EventRounds "9"]
[EventCountry "RUS"]
[SourceTitle "CB11_2024"]
[SourceDate "2024.03.13"]
[SourceVersion "1"]
[SourceVersionDate "2024.03.13"]
[SourceQuality "1"]

1. d4 Nf6 2. c4 e6 3. Nc3 Bb4 4. e3 b6 5. Nge2 c5 6. a3 Ba5 7. Rb1 Na6 8. d5 exd5 9. cxd5 b5 10. Ng3 0-0 11. Bxb5 Rb8 12. 0-0 Nc7 13. Bd3 Bxc3 14. bxc3 Rxb1 15. Bxb1 Ncxd5 16. Qc2 Ne7 17. c4 Ng6 18. Bb2 Qb6 19. h4 h5 20. Ba1 Ba6 21. Rc1 Rb8 22. Qd1 Nf8 23. Bd3 Qe6 24. Nxh5 Nxh5 25. Qxh5 Rb3 26. Bf5 Qe7 27. Qg4 f6 28. Rc3 Rxc3 29. Bxc3 Qf7 30. Bd3 d5 31. Qf5 Bxc4 32. Bxc4 dxc4 33. Qxc5 a6 34. Qc8 Kh7 35. Qxa6 Qd5 36. Qa5 Qd3 37. a4 Ng6 38. Kh2 Kh6 39. g3 Qc2 40. Kg2 Qe4+ 41. Kf1 Ne7 42. Bd4 Nd5 43. Qd2 c3 44. Qa2 c2 45. Bb2 Qh1+ 46. Ke2 Qd1# 0-1

[Event "Titled Tuesday intern op 27th Feb Late"]
[Site "Chess.com INT"]
[Date "2024.02.27"]
[Round "3"]
[White "Korchmar, Vasiliy"]
[Black "Bluebaum, Matthias"]
[Result "0-1"]
[WhiteElo "2438"]
[BlackElo "2658"]
[PlyCount "64"]
[EventDate "2024.02.27"]
[EventType "swiss (blitz)"]
[EventRounds "11"]
[EventCountry "USA"]
[SourceTitle "CB10_2024"]
[SourceDate "2024.03.06"]
[SourceVersion "1"]
[SourceVersionDate "2024.03.06"]
[SourceQuality "1"]

1. Nf3 d5 2. d4 e6 3. e3 Nf6 4. c4 Bd6 5. Nbd2 0-0 6. Bd3 b6 7. 0-0 Bb7 8. b3 Nbd7 9. Bb2 a5 10. Qc2 a4 11. Rad1 Qe7 12. Ne5 axb3 13. axb3 dxc4 14. Ndxc4 h6 15. f4 Nd5 16. Qf2 Ra2 17. Bb1 Raa8 18. Qc2 N7f6 19. g4 Nb4 20. Qe2 Ne4 21. Qe1 b5 22. Nd2 Nxd2 23. Qxd2 Qh4 24. Qf2 Qxf2+ 25. Rxf2 f6 26. Ng6 Rfe8 27. h4 Nd5 28. Re2 Ba3 29. Kf2 Bxb2 30. Rxb2 Nc3 31. Rc1 Nxb1 32. Rbxb1 Be4 0-1

[Event "Titled Tuesday intern op 27th Feb Late"]
[Site "Chess.com INT"]
[Date "2024.02.27"]
[Round "10"]
[White "Korchmar, Vasiliy"]
[Black "Tari, Aryan"]
[Result "0-1"]
[WhiteElo "2438"]
[BlackElo "2635"]
[PlyCount "96"]
[EventDate "2024.02.27"]
[EventType "swiss (blitz)"]
[EventRounds "11"]
[EventCountry "USA"]
[SourceTitle "CB10_2024"]
[SourceDate "2024.03.06"]
[SourceVersion "1"]
[SourceVersionDate "2024.03.06"]
[SourceQuality "1"]

1. Nf3 c5 2. c4 Nc6 3. Nc3 g6 4. e3 Nf6 5. d4 cxd4 6. exd4 d5 7. cxd5 Nxd5 8. Bc4 Nb6 9. Bb3 Bg7 10. d5 Na5 11. 0-0 0-0 12. Bg5 h6 13. Bh4 g5 14. Bg3 Bg4 15. h3 Bh5 16. Re1 Nxb3 17. axb3 Re8 18. Qd3 Bxc3 19. bxc3 Qxd5 20. Nd4 e5 21. Qb5 f6 22. Qxd5+ Nxd5 23. Nb5 a6 24. Nd6 Re6 25. Nxb7 Nxc3 26. b4 Rb6 27. Nc5 Rxb4 28. Nxa6 Rc4 29. Kh2 Nd5 30. Ra5 Bf7 31. Rea1 h5 32. Kg1 h4 33. Bh2 Rac8 34. Re1 Rc1 35. Ra1 Rxe1+ 36. Rxe1 Rc6 37. Nb8 Rc7 38. Na6 Rc8 39. Rb1 Nc3 40. Rb8 Rxb8 41. Nxb8 Be8 42. g3 hxg3 43. Bxg3 Ne2+ 44. Kh2 Kf7 45. Na6 Bc6 46. Nb4 Be4 47. Na6 Nd4 48. Nc5 Bd5 0-1

[Event "Titled Tuesday intern op 27th Feb Late"]
[Site "Chess.com INT"]
[Date "2024.02.27"]
[Round "4"]
[White "Mizzi, Jack"]
[Black "Korchmar, Vasiliy"]
[Result "0-1"]
[WhiteElo "2043"]
[BlackElo "2438"]
[PlyCount "100"]
[EventDate "2024.02.27"]
[EventType "swiss (blitz)"]
[EventRounds "11"]
[EventCountry "USA"]
[SourceTitle "CB10_2024"]
[SourceDate "2024.03.06"]
[SourceVersion "1"]
[SourceVersionDate "2024.03.06"]
[SourceQuality "1"]

1. d4 d5 2. c4 c6 3. Nf3 Nf6 4. Nbd2 Bg4 5. Ne5 Be6 6. e3 g6 7. Qb3 Qb6 8. c5 Qc7 9. Be2 Bg7 10. 0-0 0-0 11. Ndf3 Ne4 12. Bd3 Nxc5 13. dxc5 Bxe5 14. Nxe5 Qxe5 15. Qxb7 Nd7 16. Qb4 Rfb8 17. Qd4 Qxd4 18. exd4 Rb4 19. Be3 Rxb2 20. f4 Bf5 21. Bxf5 gxf5 22. Rf3 Rab8 23. Raf1 Rxa2 24. Rg3+ Kh8 25. Rg5 e6 26. h4 Nf6 27. Bc1 Ng4 28. h5 h6 29. Rxg4 fxg4 30. f5 Rb1 31. fxe6 fxe6 32. Bxh6 Rxf1+ 33. Kxf1 a5 34. Ke1 Rxg2 35. Kd1 a4 36. Kc1 a3 37. Kb1 a2+ 38. Ka1 Re2 39. Bf4 Kh7 40. h6 Kg6 41. h7 Kxh7 42. Bg3 Kg6 43. Bf4 Kf5 44. Bg3 Ke4 45. Be5 Kd3 46. Bf4 Kc4 47. Bg3 Kb3 48. Bh4 Rh2 49. Be1 g3 50. Bf2 Rh1+ 0-1

[Event "Titled Tuesday intern op 13th Feb Early"]
[Site "Chess.com INT"]
[Date "2024.02.13"]
[Round "7"]
[White "Korchmar, Vasiliy"]
[Black "Brilej, Jaka"]
[Result "1-0"]
[WhiteElo "2438"]
[BlackElo "2320"]
[PlyCount "121"]
[EventDate "2024.02.13"]
[EventType "swiss (blitz)"]
[EventRounds "11"]
[EventCountry "USA"]
[SourceTitle "CB08_2024"]
[SourceDate "2024.02.21"]
[SourceVersion "1"]
[SourceVersionDate "2024.02.21"]
[SourceQuality "1"]

1. Nf3 Nf6 2. g3 g6 3. Bg2 Bg7 4. 0-0 0-0 5. d3 d5 6. Nbd2 c5 7. e4 Nc6 8. c3 e5 9. exd5 Nxd5 10. Re1 b6 11. Nc4 Re8 12. Ng5 Ba6 13. Nxf7 Kxf7 14. Qf3+ Ke6 15. Ne3 Nde7 16. Nc4 Kd7 17. Bg5 Bb7 18. Qf7 h6 19. Bd2 Bh8 20. b4 Rf8 21. Qh7 Qe8 22. bxc5 bxc5 23. Rab1 Kc7 24. Rxb7+ Kxb7 25. Nd6+ Kc7 26. Nxe8+ Raxe8 27. Qxh6 Bf6 28. Qe3 Rd8 29. Qxc5 Rxd3 30. Bxc6 Rxd2 31. Bf3+ Kd8 32. Rb1 Ke8 33. Rb8+ Kf7 34. Rxf8+ Kxf8 35. Qxa7 Rc2 36. Qe3 Nf5 37. Qc5+ Kg7 38. a4 Rc1+ 39. Kg2 Re1 40. Qd5 Ne7 41. Qb7 Rc1 42. a5 Rxc3 43. a6 Kh6 44. a7 e4 45. Bxe4 Ra3 46. a8Q Rxa8 47. Qxa8 Nf5 48. Bxf5 gxf5 49. Qf3 Kg6 50. h3 Bg7 51. g4 f4 52. Qxf4 Kh7 53. Qf5+ Kh8 54. Qh5+ Bh6 55. Qxh6+ Kg8 56. Qd6 Kf7 57. Kf3 Kg8 58. Kf4 Kf7 59. Kf5 Kg8 60. Kg6 Kh8 61. Qf8# 1-0